| 000 | 00692nam a2200241Ia 4500 | ||
|---|---|---|---|
| 003 | OSt | ||
| 005 | 20220925211916.0 | ||
| 006 | a|||||r|||| 00| 0 | ||
| 007 | ta | ||
| 008 | 220923b |||||||| |||| 00| 0 eng d | ||
| 020 | _a0907582338 | ||
| 037 | _cGeneral Book | ||
| 040 |
_aRTL _cRTL _beng |
||
| 041 |
_2eng _aeng |
||
| 082 | _aX.5.N8, M5 | ||
| 100 |
_aSenghaas Dieter _9275648 |
||
| 245 | 0 |
_aEuropean experience _b A historical critique of devvelopment theory |
|
| 260 |
_aLeamington _bBerg _c1985 |
||
| 300 |
_a280p. _ccm. |
||
| 650 |
_aEconomic condition Europe _9234055 |
||
| 942 |
_hX.5.N8, M5 _cGB _2CC |
||
| 999 |
_c559006 _d559006 |
||